000 00439nam a22001577a 4500
003 OSt
008 220115b ||||| |||| 00| 0 eng d
020 _a93894482-1
082 _a615.19 TRP
100 _aTRIPATHI, D.K.
245 _aPhysical Pharmaceutics-1
260 _aPune
_bNirali Prakashan
_c2020
300 _a6.28
650 _aPharmaceutics- Drug Delivery Systems,Pharmaceutical Engineering regularity Science
942 _2ddc
_cBK
999 _c11069
_d11069